LEADER 00987nam0-2200313---450- 001 990009223870403321 005 20100917111505.0 010 $a978-88-348-9453-8 035 $a000922387 035 $aFED01000922387 035 $a(Aleph)000922387FED01 035 $a000922387 100 $a20100917d2009----km-y0itay50------ba 101 0 $aita 102 $aIT 105 $ay-------001yy 200 1 $aCorso di diritto processuale civile$eIII-l'esecuzione forzata, i procedimenti speciali, i procedimenti di separazione e divorzio, i processi del lavoro e locatizio. L'arbitrato$fCrisanto Mandrioli 205 $a7° ed. 210 $aTorino$cGiappichelli$d2009 215 $a387 p.$d24 cm 300 $aEditio minor 700 1$aMandrioli,$bCrisanto$0227204 801 0$aIT$bUNINA$gREICAT$2UNIMARC 901 $aBK 912 $a990009223870403321 952 $aAA - 254/C$b14856$fDDRC 959 $aDDRC 996 $aCorso di diritto processuale civile$9224719 997 $aUNINA LEADER 01958nam0 22004093i 450 001 LO10354692 005 20231121125518.0 020 $aIT$b1955 916 100 $a20030523d1954 ||||0itac50 ba 101 | $aita 102 $ait 181 1$6z01$ai $bxxxe 182 1$6z01$an 200 1 $aFederalismo europeo e internazionalismo da Mazzini ad oggi$ela Santa alleanza e il Patto atlantico, crisi della cultura della società capitalistica, i ceti medi e la rivoluzione in Asia, il carteggio Croce-Vossler$esaggio storico critico$fdi Fabrizio Canfora 210 $aFirenze$cParenti$dstampa 1954 215 $a100 p.$d21 cm. 225 | $aTestimonianze del tempo$v1 410 0$1001RAV0053365$12001 $aTestimonianze del tempo$v1 500 10$aFederalismo europeo e internazionalismo da Mazzini ad oggi$3VIA0410612$9RAVV044002$999530 606 $aFederalismo$2FIR$3RMLC049681$9I 606 $aPatto Atlantico. 1949$2FIR$3RMLC114471$9I 606 $aInternazionalismo$2FIR$3CFIC043010$9I 606 $aSANTA ALLEANZA. 1815$2FIR$3RAVC034296$9I 620 $aIT$dFirenze$3RMSL001067 676 $a321.02094$9Forme di governo e di stato. Forme federali. Europa Europa occidentale.$v19 700 1$aCanfora$b, Fabrizio$3RAVV044002$4070$0178744 790 1$aCanfora$b, F.$3SIPV184144$zCanfora, Fabrizio 801 3$aIT$bIT-01$c20030523 850 $aIT-RM0289 $aIT-RM1248 $aIT-FR0017 899 $aBiblioteca Statale A. Baldini$bRM0289 899 $aBiblioteca Della Fondazione Pietro Nenni$bRM1248 899 $aBiblioteca umanistica Giorgio Aprea$bFR0017 $eN 912 $aLO10354692 950 0$aBiblioteca umanistica Giorgio Aprea$d 52DES 321 Can.Fed.$e 52SBA0000185635 VMB RS $fA $h20150724$i20150724 977 $a 04$a 23$a 52 996 $aFederalismo europeo e internazionalismo da Mazzini ad oggi$999530 997 $aUNICAS